000 00638nam a2200241Ia 4500
003 OSt
005 20221005084412.0
006 a|||||r|||| 00| 0
007 ta
008 221004b |||||||| |||| 00| 0 eng d
024 _a103637
037 _cTextual
040 _aCRL
_cCRL
_beng
041 _2eng
_aeng
082 _aB:(A), K8
100 _aAmes William F
245 0 _aNonlinear ordinary differental equations in transport process
260 _aNew York
_bAcademic Press
500 _aDSK Collection
650 _aMATHEMATICS
942 _hB:(A), K8
_cTEXL
_2cc
999 _c992537
_d992537